Plano-guía de Santiago de Compostela. (Record no. 150811)

MARC details
000 -LEADER
campo de control de longitud fija 00472nam a2200157 i 4500
001 - NÚMERO DE CONTROL
campo de control 150811
003 - IDENTIFICADOR DE NÚMERO DE CONTROL
campo de control ES-MaACL
005 - FECHA Y HORA DE LA ÚLTIMA TRANSACCIÓN
campo de control 20230906203717.0
007 - CAMPO FIJO DE DESCRIPCIÓN FÍSICA--INFORMACIÓN GENERAL
campo de control de longitud fija t|
008 - DATOS DE LONGITUD FIJA--INFORMACIÓN GENERAL
campo de control de longitud fija 071113q19501959sp ||||1| spa d
245 00 - MENCIÓN DEL TÍTULO
Título Plano-guía de Santiago de Compostela.
260 ## - PUBLICACIÓN, DISTRIBUCIÓN, ETC.
Lugar de publicación, distribución, etc. Madrid :
Nombre del editor, distribuidor, etc. Almax,
Fecha de publicación, distribución, etc. [195-?] (
Fabricante Grafplas)
300 ## - DESCRIPCIÓN FÍSICA
Extensión I-III h, pleg, 1 plan pleg. ;
Dimensiones 25 cm.
651 #4 - PUNTO DE ACCESO ADICIONAL DE MATERIA--NOMBRE GEOGRÁFICO
Nombre geográfico Santiago de Compostela-
Subdivisión de forma Guías de calles.
9 (RLIN) 9368
852 ## - LOCALIZACIÓN
Ubicación ES-MaACL
Número de control de estantería 1962-F-13
Sublocalización o colección R.36194
Holdings
Estatus retirado Estado de pérdida Estado de daño No para préstamo Colección Biblioteca de origen Biblioteca actual Ubicación en estantería Fecha de adquisición Fuente de adquisición Total de préstamos Signatura topográfica completa Código de barras Visto por última vez Precio de reemplazo Tipo de ítem Koha
        Colección de folletos Biblioteca del Ateneo de Madrid Biblioteca del Ateneo de Madrid Depósito folletos 17/01/2008     1962-F-13 1157362 23/02/2023 23/02/2023 Folleto